Záhada žlutého jednorožce
| Main Author: | |
|---|---|
| Format: | Book |
| Language: | Undetermined |
| Published: |
Praha
SNDK
1961
|
MARC
| LEADER | 00000nam a2200000 a 4500 | ||
|---|---|---|---|
| 001 | vtls001426171 | ||
| 003 | SK-MaSNL | ||
| 005 | 20260301202611.0 | ||
| 008 | 240318s1961 xx 0 und | ||
| 035 | |a SNK000381105 | ||
| 040 | |a SNK |b slo |c SNK |e AACR2 | ||
| 100 | 1 | |a Mayne, William |4 aut |9 584878 | |
| 245 | 1 | 0 | |a Záhada žlutého jednorožce |
| 260 | |a Praha |b SNDK |c 1961 | ||
| 300 | |a 169 s. | ||
| 999 | |c 899430 |d 901360 | ||
| 952 | |t P60, <05>, [BOOK], {605} |a SNK |b SNK |y PREZ |7 0 |p 17A0323074 |o snkIC 29917 D1 |i snkKIP 12936/61 |0 0 |1 1 |4 0 |d 2001-12-19 |l 0 |r 2005-01-02 00:00:00 |w 2026-02-24 | ||


